000 00226 a2200097 4500
001 46215
100 _aHoward A
245 _aChamber's Dictionary of Scientists
260 _aLondon
_bW & R Chambers
_c
090 _c29323
_d29323
942 _aNUST-CAE
_cM
_c21473
999 _c281288
_d281288